Joueurs vainqueurs de la Ligue des champions de l'UEFA - Mort subite - Statistiques

Statistiques générales
  • Ce quiz a été pris 2 332 fois
    667 depuis la dernière actualisation
  • Le résultat moyen est 8 sur 30
Answers on the Grid
Answers color-coded by a green-red scale on the quiz's grid according to % correct below.
Toni Kroos
Luka Modrić
Paolo Maldini
Cristiano Ronaldo
Karim Benzema
Clarence Seedorf
Mateo Kovačić
David Alaba
Lionel Messi
Raphaël Varane
Ferenc Puskás
Johan Cruijff
Franz Beckenbauer
Raúl
Dani Alves
Keylor Navas
Karl-Heinz Rummenigge
Carlo Ancelotti
Edwin van der Sar
Xabi Alonso
Sergi Roberto
Álvaro Morata
James Rodríguez
Xherdan Shaqiri
Thomas Müller
Ousmane Dembélé
Didier Drogba
Alessandro Del Piero
Fernando Torres
Robert Lewandowski
Diego Maradona
Ronaldo
Gianluigi Buffon
Lothar Matthäus
Dennis Bergkamp
Michael Ballack
Zlatan Ibrahimović
Patrick Vieira
Gabriel Batistuta
George Weah
Pavel Nedvěd
Ruud van Nistelrooy
Eric Cantona
Roberto Baggio
Michael Owen
Hernan Crespo
Cesc Fabregas
Francesco Totti
Fabio Cannavaro
Lilian Thuram
Lautaro Martínez
Hugo Lloris
Mats Hummels
Paul Pogba
Edinson Cavani
Gianluca Zambrotta
Diego Forlán
Mesut Özil
Miroslav Klose
Robinho
 
Statistiques - réponses
Réponse % Correct
Thomas Müller
41%
Lionel Messi
40%
Luka Modrić
40%
Raphaël Varane
40%
Cristiano Ronaldo
38%
Ousmane Dembélé
38%
Toni Kroos
38%
Keylor Navas
35%
Dani Alves
34%
Karim Benzema
34%
David Alaba
32%
Robert Lewandowski
32%
Didier Drogba
30%
Raúl
29%
Paolo Maldini
28%
Xabi Alonso
27%
Mateo Kovačić
25%
James Rodríguez
23%
Álvaro Morata
21%
Clarence Seedorf
20%
Edwin van der Sar
18%
Johan Cruijff
17%
Sergi Roberto
17%
Carlo Ancelotti
16%
Franz Beckenbauer
15%
Xherdan Shaqiri
15%
Ferenc Puskás
14%
Fernando Torres
14%
Alessandro Del Piero
11%
Karl-Heinz Rummenigge
5%
Aucun quiz correspondant
Distribution des résultats
% des personnes avec chaque résultat
Percentile par nombre de réponses
Votre historique - résultats
Vous n’avez pas pris ce quiz depuis la dernière actualisation